LEADER 00888nam0-22003131i-450- 001 990001853860403321 005 20081014153256.0 035 $a000185386 035 $aFED01000185386 035 $a(Aleph)000185386FED01 035 $a000185386 100 $a20030910d1916----km-y0itay50------ba 101 0 $aita 102 $aIT 105 $ay-------001yy 200 1 $aStudi e ricerche sulla biochimica del tabacco$fGiulio Paris 210 $aModena$c[s.n.]$d1916 215 $ap. 405-424$d24 cm 300 $aEstr. da: Le Stazioni sperimentali agrarie italiane, 49,1916. 610 0 $aTabacco 676 $a583.79 700 1$aParis,$bGiulio$0356963 801 0$aIT$bUNINA$gRICA$2UNIMARC 901 $aBK 912 $a990001853860403321 952 $a60 MISC. B 86/9$fFAGBC 959 $aFAGBC 996 $aStudi e ricerche sulla biochimica del tabacco$9413584 997 $aUNINA LEADER 00804nam a2200229 a 4500 001 991003971739707536 008 081030s 000 0 eng d 020 $a8887063494 035 $ab13779527-39ule_inst 040 $aDip.to Filologia Ling. e Lett.$bita 100 1 $aContaldi, Rodolfo$0467173 245 10$aFiuri de primavera /$cRodolfo Contaldi 260 $aMelendugno :$bZane ed. ;$cc2001 300 $a117 p. ;$c19 cm 440 0$aPoeti Contemporanei 650 4$aPoesie in Vernacolo 907 $a.b13779527$b09-03-22$c30-10-08 912 $a991003971739707536 945 $aLE008 LLI IV i 99$g1$i2008000034832$lle008$o-$pE0.00$q-$rl$s- $t0$u0$v0$w0$x0$y.i14867461$z30-10-08 996 $aFiuri de primavera$91225207 997 $aUNISALENTO 998 $ale008$b30-10-08$cm$da $e-$fita$git $h0$i0